| 000 | 01218nam a22001937a 4500 | ||
|---|---|---|---|
| 008 | 180201b xxu||||| |||| 00| 0 eng d | ||
| 020 | _a9781418021221 | ||
| 050 | _aR690.S525 | ||
| 082 | _22nd ed. | ||
| 100 | _aSIMMERS, Louise. | ||
| 245 |
_aIntroduction to health science technology. / _cLouise Simmers, Karen Simmers and Sharon Simmers. |
||
| 260 |
_aClifton Park: _bCengage Learning, _c2009. |
||
| 300 |
_axxvii, 620p.: _bill.; _c29cm |
||
| 500 | _aIncludes appendix and glossary. | ||
| 505 | _aContents: Health care industry and careers: History and trends of health care -- Health care systems -- Careers in health care -- Personal and professional qualities of a health care worker -- Legal and ethical responsibilities -- The human body: Medical terminology -- Anatomy and physiology -- Human growth and development -- Nutrition and diets -- Special considerations in health care: Cultural diversity -- Geriatric care -- Basics of health care: Promotion of safety -- Infection control -- Vital signs -- First aid -- Working in health care: Preparing for the world of work -- Computer technology in health care -- medical math. | ||
| 700 | _aSimmers, Karen | ||
| 700 | _aSimmers, Sharon | ||
| 942 |
_2lcc _cBK |
||
| 999 |
_c6460 _d13960 |
||